00769nam a2200265Ia 450000500170000000800460001702000180006303700100008104000080009104000080009904000080010704100080011504100080012308400080013110000340013924500870017326000220026026000220028226000090030465000200031385600480033394200100038199900210039195200910041220260121125135.0008 260114s9999 xx 000 0 eng d a9783112209165 aEBOOK aCRL beng cCRL 2eng aeng qCRL aHussain, Majid Salman9987933 0aBritish Policy and the Nationalist Movement in Egypt, 1914-1924: A political study bWalter de Gruyter bWalter de Gruyter c2020 aHistory9987934 uhttp://www.degruyter.com/isbn/9783112209165 cEBOOK c1559794d1559794 00104070aCRLbCRLd2026-01-21l0pCL1883908r2026-01-21 12:51:35w2026-01-21yEBOOK